=LDR 00000nam 2200000 4500 =001 INLIS000000000028627 =005 20130612130921 =008 ***********************************Ind** =035 ##$$0010-061300000028627 =041 ##$$a Ind =082 ##$$a 646 =090 ##$$a 646, Ast p =100 ##$$a Astuti, Dyahtri N.W =245 ##$$a Pesona kebaya modern, Dyahtri N.W.Astuti =260 ##$$a 2005 $b Jakarta =300 ##$$a iv, 82 hlm, ilus, 28 cm =650 ##$$a Berpakaian =850 ##$$a NBPNMAT